|
|
|
|
| LEADER |
00000nam0a2200000 4500 |
| 001 |
303209 |
| 005 |
20231102001600.0 |
| 010 |
|
|
|b 350 кз.
|
| 035 |
|
|
|a (RuTPU)RU\TPU\book\328430
|
| 090 |
|
|
|a 303209
|
| 100 |
|
|
|a 20150901d1951 k y0rusy50 ca
|
| 101 |
0 |
|
|a rus
|
| 102 |
|
|
|a RU
|
| 105 |
|
|
|a a z 001zy
|
| 200 |
1 |
|
|a [Сборник научных статей]
|f отв. ред. А. Д. Белоусов
|
| 210 |
|
|
|a Томск
|c Типография № 1 Полиграфиздата
|d 1951
|
| 215 |
|
|
|a 136 с.
|c ил.
|
| 225 |
1 |
|
|a Труды Томского электромеханического института инженеров железнодорожного транспорта
|v Т. XVII
|
| 316 |
|
|
|5 63413507: М-133735
|a На с. 78 дарственная надпись: "Многоуважаемому Иннокентию Николаевичу Бутакову от автора. май 1952 г. Шваб"
|
| 317 |
|
|
|5 63413507: М-133735
|a Поступила в НТБ в 1970 г. в составе книжного собрания профессора ТПИ И. Н. Бутакова
|
| 320 |
|
|
|a Литература в конце ст.
|
| 606 |
1 |
|
|a Железнодорожный транспорт
|x Управление
|2 stltpush
|3 (RuTPU)RU\TPU\subj\10435
|9 37508
|
| 610 |
1 |
|
|a железные дороги
|
| 610 |
1 |
|
|a дарственная надпись
|
| 610 |
1 |
|
|a библиотека И. Н. Бутакова
|
| 675 |
|
|
|a 656.2
|v 4
|
| 702 |
|
1 |
|a Белоусов
|b А. Д.
|4 340
|
| 801 |
|
1 |
|a RU
|b 63413507
|c 20150901
|
| 801 |
|
2 |
|a RU
|b 63413507
|c 20190924
|g RCR
|
| 942 |
|
|
|c BK
|